| 000 -LEADER | |
|---|---|
| fixed length control field | 00401nam a22001697a 4500 |
| 005 - DATE AND TIME OF LATEST TRANSACTION | |
| control field | 20160701103910.0 |
| 008 - FIXED-LENGTH DATA ELEMENTS--GENERAL INFORMATION | |
| fixed length control field | 160701b xxu||||| |||| 00| 0 eng d |
| 020 ## - INTERNATIONAL STANDARD BOOK NUMBER | |
| ISBN | 81-85749-58-2 |
| 041 ## - LANGUAGE CODE | |
| Language code of text/sound track or separate title | eng |
| 082 ## - DEWEY DECIMAL CLASSIFICATION NUMBER | |
| Item number | 17946 |
| 100 ## - MAIN ENTRY--AUTHOR NAME | |
| Personal name | Singh, Tarlok |
| 245 ## - TITLE STATEMENT | |
| Title | Electrical Machines |
| 260 ## - PUBLICATION, DISTRIBUTION, ETC. (IMPRINT) | |
| Name of publisher | S.K. Kataria & Sons |
| Year of publication | 2012 |
| 300 ## - PHYSICAL DESCRIPTION | |
| Number of Pages | 361 |
| 650 ## - SUBJECT ADDED ENTRY--TOPICAL TERM | |
| Topical Term | Diploma Engineering |
| 942 ## - ADDED ENTRY ELEMENTS (KOHA) | |
| Koha item type | Books |
| Lost status | Damaged status | Home library | Date acquired | Cost, normal purchase price | Full call number | Accession Number | Koha item type | Current library | Shelving location |
|---|---|---|---|---|---|---|---|---|---|
| JRU Library | 01/07/2016 | 135.00 | 17946 | 17946 | Books | ||||
| JRU Library | 01/07/2016 | 135.00 | 17946 | 17947 | Books | SHELF-38-I | |||
| JRU Library | 01/07/2016 | 135.00 | 621.310 42 | 17948 | Books | WR- 2 B |